Company to company : a new approach to business correspondence in English : student's book
Αποθηκεύτηκε σε:
| Κύριος συγγραφέας: | |
|---|---|
| Μορφή: | Βιβλίο |
| Γλώσσα: | English |
| Δημοσίευση: |
Cambridge : New York :
Cambridge University Press,
1988
|
| Σειρά: | Cambridge professional English
|
| Θέματα: | |
| Ετικέτες: |
Προσθήκη ετικέτας
Δεν υπάρχουν, Καταχωρήστε ετικέτα πρώτοι!
|
MARC
| LEADER | 00000nam a2200000 i 4500 | ||
|---|---|---|---|
| 001 | 1/25714 | ||
| 008 | 960318s1988 eng d | ||
| 020 | |a 0521338085 ((student's book)) | ||
| 020 | |a 0521338093 ((teacher's book)) | ||
| 035 | |l 10022536 | ||
| 040 | |a GR-MY-UA |b gre |e aacr | ||
| 041 | 0 | |a eng | |
| 082 | 0 | |a 808.066651021 | |
| 100 | 1 | |a Littlejohn, Andrew. | |
| 245 | 1 | 0 | |a Company to company : |b a new approach to business correspondence in English : student's book / |c Andrew Littlejohn |
| 260 | |a Cambridge : |a New York : |b Cambridge University Press, |c 1988 | ||
| 300 | |a vi, 120 p.; |b ill.; |c 24 cm | ||
| 490 | 1 | |a Cambridge professional English | |
| 500 | |a Includes indexes | ||
| 650 | 0 | 0 | |a Commercial correspondence. |
| 830 | 0 | |a Cambridge professional English | |
| 852 | |a INST |b CHIOS |e 19960318 |h 808.066651021 LIT |p 005200002001 |q 005200002001 |t BK |y 0 | ||
| 852 | |a INST |b CHIOS |e 19960318 |h 808.066651021 LIT |p 005200002025 |q 005200002025 |t BK |y 0 | ||
| 909 | |a Χ |b 016955 | ||
| 909 | |a Χ |b 016956 | ||